Statistics for Kirby Games

Click here to take the quiz!

General Stats

  • This quiz has been taken 37 times
    (33 since last reset)
  • The average score is 10 of 12

Answer Stats

ConsoleAnswer% Correct
GameboyKirby’s Dream Land
94%
N64Kirby 64: The Crystal Shards
89%
SwitchKirby Star Allies
89%
SNESKirby Super Star
89%
3DSKirby: Planet Robobot
83%
NESKirby’s Adventure
83%
SNESKirby’s Dream Land 3
83%
WiiKirby’s Return to Dream Land
83%
3DSKirby: Triple Deluxe
83%
GameboyKirby’s Dream Land 2
78%
Gameboy AdvanceKirby and the Amazing Mirror
72%
DSKirby: Squeak Squad
72%

Score Distribution

Percentile by Number Answered

Percent of People with Each Score

Your Score History

You have not taken this quiz since the last reset